000 00485nam a2200145 a 4500
008 120416s0000 ||||||||||||||||| || u
020 _a0070940878
050 _aQR 53 Sir
100 _aSirockin, Geoffrey
245 1 0 _aPractical microbiology
260 _aLondon
_bMcGraw-Hill
_c1969
300 _ax, 158p. : ill
350 _a0.00
995 _D0.00
_FCBU-MAIN LIBRARY (Kitwe)
_H1
_I3.00
_UAVAILABLE
_ZAnnex Low-Usage Collection
999 _c54270
_d54270